| 000 | 01227nam0a22003131 4500 | ||
|---|---|---|---|
| 001 | rc\2271690 | ||
| 005 | 20260406072756.0 | ||
| 035 | _a(NLR Aleph) 006547653 | ||
| 090 |
_a6705179 _c6705179 |
||
| 100 | _a20110829d1977 |||y0rusy50 ca | ||
| 101 | 1 |
_arus _cxal |
|
| 102 | _aRU | ||
| 105 | _ay z |||a| | ||
| 200 | 1 |
_aВстреча _eСтихи и поэмы _eПер. с калм. _fБося Сангаджиева |
|
| 210 |
_aМосква _cСовременник _d1977 |
||
| 215 |
_a63 с. _d16 |
||
| 300 | _aВ вып. дан. авт.: Бося Бадмаевна Сангаджиева | ||
| 327 | 1 | _aСодерж.: Стихи; Поэмы: Хасан; Джиргал и Баатр | |
| 464 | 0 |
_12001#$aСтихи$aХасан$eПоэма$aДжиргал и Баатр$eПоэма _tДжиргал и Баатр |
|
| 686 |
_aШ5(2=Р)75-657я43 _2rubbk |
||
| 686 |
_aШ5(2=Калм)7-65я44 _2rubbk |
||
| 700 | 1 |
_8rus _7ca _aСангаджиева _bБ. Б. _f1921-2001 _gБося Бадмаевна _3RU\NLR\auth-onl\77501 _9130557 |
|
| 801 | 0 |
_aRU _bNLR _gpsbo |
|
| 801 | 1 |
_aRU _bELAR _2rusmarc |
|
| 852 |
_aNLR _j77-2/1165 |
||
| 899 |
_aRuMoRGB _jБ 77-42/414 |
||
| 899 |
_aRuMoRGB _jБ 77-42/415 |
||
| 942 | _cBOOK | ||
| 980 | _aNB | ||